000 00607nam a2200193Ia 4500
005 20260114185850.0
008 008 260114s9999 xx 000 0 eng d
020 _a9781472541840
037 _aEBOOK
040 _aCRL
_beng
_cCRL
041 _aeng
_2eng
084 _qCRL
100 _aFabio Rambelli
_9875354
245 2 _aA Buddhist Theory of Semiotics Signs, Ontology, and Salvation in Japanese Esoteric Buddhism
260 _bBloomsbury
_c2013
856 _uhttps://doi.org/10.5040/9781472541840?locatt=label:secondary_bloomsburyCollections
942 _cEBOOK
999 _c1474288
_d1474288